=LDR 00000nam 2200000 4500 =001 INLIS000000000035786 =005 20130612141621 =008 ***********************************iND** =035 ##$$0010-061300000035786 =041 ##$$a iND =082 ##$$a 650.1 =090 ##$$a 650.1, wAK U =100 ##$$a wAKEMAN,mARTIN =245 ##$$a Usaha Menggapai Sukses, Martin Wakeman =260 ##$$a 1996 $b Jakarta =300 ##$$a 91 hlm., ilus., 17 cm =850 ##$$a NBPNMAT